[Event "ICS rated blitz match"]
[Site "204.178.125.65"]
[Date "1999.09.10"]
[Round "?"]
[White "lakerda"]
[Black "Hossa"]
[Result "0-1"]
[WhiteElo "2251"]
[BlackElo "2484"]
[PlyCount "158"]
[EventDate "1999.??.??"]

1. d4 d5 2. e3 e6 3. Bd3 c5 4. c3 Nc6 5. f4 cxd4 6. exd4 Bd6 7. Nf3 Nf6 8. O-O
O-O 9. Ne5 Bd7 10. g4 Rc8 11. g5 Ne4 12. Bxe4 dxe4 13. Qe2 Bxe5 14. dxe5 Qb6+
15. Be3 Qa5 16. Nd2 Nd8 17. a4 Bc6 18. Nb3 Qd5 19. Nd4 Bd7 20. Rfe1 Rc4 21. a5
Re8 22. Bf2 Bc6 23. Be3 Kh8 24. Qd2 Ra4 25. Rxa4 Bxa4 26. Ne2 Nc6 27. Qxd5 exd5
28. b4 Bb3 29. Nd4 Nxd4 30. Bxd4 a6 31. Kf2 Rc8 32. f5 Rc6 33. Ke3 Kg8 34. Kf4
Bc4 35. h4 Kf8 36. Rh1 Ke7 37. f6+ gxf6 38. gxf6+ Ke6 39. Rg1 Rc8 40. Rg7 h5
41. Kg5 Be2 42. Kf4 Bf3 43. Ke3 Bg4 44. Kf4 Bd1 45. Ke3 Re8 46. Kf4 Bf3 47. Ke3
Bg4 48. Kf4 Rc8 49. Ke3 Bf5 50. Kf4 Bg6 51. Ke3 Kf5 52. Kf2 Rd8 53. Ke3 Re8 54.
Kf2 Rh8 55. Kg3 Rd8 56. Be3 Kxe5 57. Bd4+ Kf5 58. Kf2 Kg4 59. Ke3 Rc8 60. Kf2
Kxh4 61. Ke3 Kg5 62. Kf2 Kf4 63. Ke2 h4 64. Be3+ Kf5 65. Bd4 Rh8 66. Kf2 h3 67.
Kg1 Re8 68. Kh1 e3 69. Kh2 e2 70. Bf2 Kxf6 71. Rxg6+ fxg6 72. Be1 Rh8 73. Kg3
h2 74. Kf3 h1=Q+ 75. Kxe2 Re8+ 76. Kd1 Qxe1+ 77. Kc2 Re2+ 78. Kb3 Qb1+ 79. Ka3
79... Ra2# {lakerda checkmated} 0-1

[Event "ICS rated blitz match"]
[Site "204.178.125.65"]
[Date "1999.09.03"]
[Round "?"]
[White "lakerda"]
[Black "Hossa"]
[Result "1-0"]
[WhiteElo "2320"]
[BlackElo "2581"]
[PlyCount "41"]
[EventDate "1999.??.??"]

1. d4 Nf6 2. e3 d5 3. Bd3 c5 4. c3 Nc6 5. f4 Bg4 6. Nf3 Bxf3 7. Qxf3 e6 8. O-O
Bd6 9. Nd2 cxd4 10. exd4 O-O 11. Qe2 Qc7 12. g3 Rac8 13. Nf3 Qe7 14. Ne5 Rc7
15. g4 Nd7 16. g5 f6 17. Bxh7+ Kh8 18. Bg6 Rf7 19. Qh5+ Kg8 20. Qh7+ Kf8 21.
Qh8# {Hossa checkmated} 1-0

[Event "ICS rated blitz match"]
[Site "204.178.125.65"]
[Date "1999.09.03"]
[Round "?"]
[White "lakerda"]
[Black "Hossa"]
[Result "0-1"]
[WhiteElo "2297"]
[BlackElo "2604"]
[PlyCount "76"]
[EventDate "1999.??.??"]

1. d4 Nf6 2. e3 d5 3. Bd3 c5 4. c3 Nc6 5. f4 Bg4 6. Ne2 e6 7. O-O Bd6 8. Nd2
O-O 9. Nf3 cxd4 10. exd4 Qb6 11. Kh1 Rac8 12. Ng3 a6 13. h3 Bxf3 14. Qxf3 Qa5
15. Nh5 Ne8 16. g4 Nc7 17. g5 Kh8 18. Qg4 Ne7 19. Ng3 b5 20. b4 Qb6 21. Bd2 a5
22. a3 a4 23. h4 Qc6 24. h5 Qd7 25. Rae1 Rfe8 26. Qh3 Ng8 27. Re2 Qe7 28. Rfe1
Red8 29. Nf5 Qf8 30. Nxd6 Qxd6 31. g6 fxg6 32. Rxe6 Nxe6 33. Rxe6 Qd7 34. hxg6
h6 35. f5 Rf8 36. Bg5 Rxc3 37. f6 Rxd3 38. Qxd3 38... Qxe6 {lakerda resigns}
0-1

[Event "ICS rated blitz match"]
[Site "204.178.125.65"]
[Date "1999.09.10"]
[Round "?"]
[White "lakerda"]
[Black "Hossa"]
[Result "0-1"]
[WhiteElo "2340"]
[BlackElo "2447"]
[PlyCount "38"]
[EventDate "1999.??.??"]

1. d4 d5 2. e3 e6 3. Bd3 c5 4. c3 Nc6 5. Nd2 e5 6. dxc5 Bxc5 7. e4 Nf6 8. Qe2
Bg4 9. Ngf3 O-O 10. O-O Rc8 11. h3 Nh5 12. exd5 Ng3 13. Qe1 Bxf3 14. Nxf3 Qxd5
15. Bc2 Nxf1 16. Qxf1 Rcd8 17. Bg5 Rde8 18. Qe2 e4 19. Nh2 19... Qxg5 {
lakerda resigns} 0-1

[Event "ICS rated blitz match"]
[Site "204.178.125.65"]
[Date "1999.09.10"]
[Round "?"]
[White "lakerda"]
[Black "Hossa"]
[Result "0-1"]
[WhiteElo "2266"]
[BlackElo "2469"]
[PlyCount "114"]
[EventDate "1999.??.??"]

1. d4 d5 2. e3 e6 3. Bd3 c5 4. c3 Nc6 5. f4 cxd4 6. exd4 Bd6 7. Nf3 Nf6 8. O-O
O-O 9. Ne5 Bd7 10. Nd2 Rc8 11. g4 Qb6 12. Kh1 Be8 13. g5 Nd7 14. Qg4 f5 15.
gxf6 Rxf6 16. Rg1 g6 17. Ndf3 Be7 18. h4 Kh8 19. h5 Nf8 20. h6 a5 21. Ng5 a4
22. a3 Nd7 23. Rg2 Rd8 24. Be3 Nf8 25. Bg1 Rc8 26. Bh2 Kg8 27. Bg3 Nd7 28. Bh4
Nf8 29. Rag1 Qb3 30. Ngf3 Nxe5 31. fxe5 Rxf3 32. Bxe7 Rxd3 33. Bxf8 Kxf8 34.
Qf4+ Ke7 35. Rf2 Rc6 36. Qf8+ Kd7 37. Qg7+ Kd8 38. Qxh7 Rd1 39. Qg7 Rxg1+ 40.
Kxg1 Qd1+ 41. Kg2 Qg4+ 42. Kf1 Qh3+ 43. Ke2 Rb6 44. Qf6+ Kc8 45. Kd1 Qxh6 46.
Kc2 Qe3 47. Qf8 Qe4+ 48. Kc1 Qe1+ 49. Kc2 Kd8 50. Qf6+ Kd7 51. Qg7+ Kc6 52. Qf8
Qe4+ 53. Kc1 Qe3+ 54. Kc2 Kc7 55. Qe7+ Bd7 56. Qd6+ Rxd6 57. Rf1 57... Qe2+ {
lakerda resigns} 0-1

[Event "ICS rated blitz match"]
[Site "204.178.125.65"]
[Date "1999.09.30"]
[Round "?"]
[White "lakerda"]
[Black "Hossa"]
[Result "0-1"]
[WhiteElo "2156"]
[BlackElo "2464"]
[Annotator "Fritz 5.32 (22s)"]
[PlyCount "55"]
[EventDate "1999.??.??"]

1. d4 Nf6 2. e3 g6 3. c4 $146 (3. g3 Bg7 4. Bg2 d6 (4... O-O 5. Ne2 d5 6. O-O
b6 7. c4 Bb7 8. Nbc3 e6 9. b3 Nbd7 10. Bb2 Rb8 11. cxd5 exd5 12. Nf4 c6 13. Qc2
Re8 14. Ba3 Nf8 15. Rac1 a5 16. Rfd1 Ne6 17. Nd3 Rc8 18. Qb1 Nd7 19. Bb2 {
Zita,F-Ujtelky,M/Marianske Lazne 1956/EXT 99/ - (35)}) (4... c6 5. c4 d6 6. Nc3
Nbd7 7. Nf3 O-O 8. O-O e5 9. b3 Qa5 10. Bd2 Qc7 11. Rc1 Rd8 12. Na4 Nb6 13. Ba5
c5 14. Qe2 Bd7 15. Nc3 Re8 16. dxe5 dxe5 17. Nd2 Bc6 18. f3 Qe7 19. e4 {
Zapata,W-Camara,H/Tucuman 1971/EXT 99/ - (87)}) 5. Ne2 O-O 6. O-O Nbd7 7. Nbc3
c6 8. b3 Qc7 9. Bb2 Rb8 10. d5 a6 11. dxc6 bxc6 12. Na4 Bb7 13. c4 c5 14. Nf4
Bxg2 15. Nxg2 Nb6 16. Nxb6 Qxb6 17. Qc2 a5 18. Nf4 Qb7 19. Rab1 Ra8 20. Bc3
Rfb8 21. Rb2 Qa6 22. Rbb1 Qb7 23. Rb2 Qd7 24. Qd2 Ne4 25. Qd3 Nxc3 26. Rc2 a4
27. Rxc3 Bxc3 28. Qxc3 axb3 29. axb3 Ra3 30. Rb1 Qb7 31. Nd5 e5 32. Nf6+ Kg7
33. Ne4 Qxe4 34. f4 34... Qb7 {0-1 Mergen,T-Cobb,J/Mamaia 1991/EXT 97 (34)}) (
3. Nd2 Bg7 4. f4 d6 5. Bc4 O-O 6. Ngf3 b6 7. O-O Bb7 8. Qe1 c5 9. Qh4 e6 10. c3
Nbd7 11. Qh3 Qe7 12. Rf2 Rac8 13. g4 Rfe8 14. Ng5 h6 15. Ngf3 Nd5 16. Nf1 cxd4
17. Bxd5 17... Bxd5 {Balandier,T-Mollov,E/Meudon 1990/EXT 99/ - (31)}) 3... Nc6
(3... c6 4. Nc3 $11) 4. Nc3 Bg7 5. Nf3 O-O 6. Be2 6... d6 {Ueberdeckt e5} 7.
O-O Bg4 8. h3 Bh5 9. g4 Nxg4 10. hxg4 Bxg4 11. Nh2 Bxe2 12. Qxe2 Rc8 13. b3 e5
14. d5 {Raumgewinn} 14... Ne7 15. e4 15... c6 {Deckt b5} 16. Bg5 f6 17. Bh4
cxd5 18. Nxd5 {Die Sturmspitze auf d5} 18... Nxd5 19. exd5 $11 {
Weiss engt den Gegner ein} (19. cxd5 $5 {kommt in Betracht} 19... Qd7 20. f3
$14) 19... Qa5 $14 (19... g5 $5 {ist zu ueberlegen} 20. Bg3 20... f5 $11) 20.
Rae1 20... Rf7 $16 (20... b5 21. cxb5 Rc5 22. Ng4 $14) 21. Bg3 $14 (21. f4 b5
22. fxe5 dxe5 23. cxb5 Qb6+ 24. Bf2 24... Qd6 $16) 21... Re7 22. Qc2 $15 (22.
f4 $5 $14 $142 {ist vielleicht staerker}) 22... b5 23. f4 bxc4 24. fxe5 fxe5
25. bxc4 Rec7 26. Qf2 Rxc4 27. Qf7+ Kh8 28. Bh4 $4 $19 (28. Qe6 $142 {
haette die Niederlage vermieden} 28... Rc3 29. Rf3 Rxf3 30. Nxf3 $11) 0-1

[Event "ICS rated blitz match"]
[Site "204.178.125.65"]
[Date "1999.10.10"]
[Round "?"]
[White "lambChop"]
[Black "Hossa"]
[Result "0-1"]
[WhiteElo "2425"]
[BlackElo "2427"]
[PlyCount "110"]
[EventDate "1999.??.??"]

1. e4 e6 2. d4 d5 3. e5 Bd7 4. Nf3 c5 5. Nc3 Nc6 6. Be3 Qb6 7. b3 cxd4 8. Bxd4
Nxd4 9. Qxd4 Bb4 10. O-O-O Qxd4 11. Rxd4 Bxc3 12. Rg4 Kf8 13. Bd3 Ne7 14. Kb1
Nc6 15. Rh4 Nxe5 16. Nxe5 Bxe5 17. Rb4 Bc6 18. Rh4 h6 19. Re1 Bc3 20. Re2 Rc8
21. Rf4 Ke7 22. Kc1 h5 23. Kd1 d4 24. f3 g5 25. Rf5 f6 26. h4 gxh4 27. Bc4 Bd7
28. Rf4 h3 29. gxh3 Rhg8 30. Ree4 Rg3 31. Ke2 Rxh3 32. Rh4 Rxh4 33. Rxh4 Rc5
34. Kf2 b5 35. Bd3 Be8 36. a3 Rc7 37. b4 Kf8 38. Ke2 Rg7 39. Rf4 Ke7 40. Rh4
Rg2+ 41. Kf1 Rd2 42. Rh1 Rd1+ 43. Kg2 Rxh1 44. Kxh1 Bb2 45. a4 bxa4 46. f4 a3
47. Bc4 Bc6+ 48. Kh2 Bd5 49. Ba2 Bxa2 50. b5 Bd5 51. Kh3 a2 52. Kg3 a1=Q 53.
Kf2 Qd1 54. c4 Qf3+ 55. Ke1 55... Bc3# {lambChop checkmated} 0-1

[Event "ICS rated blitz match"]
[Site "204.178.125.65"]
[Date "1999.08.28"]
[Round "?"]
[White "libertad"]
[Black "Hossa"]
[Result "0-1"]
[WhiteElo "2082"]
[BlackElo "2482"]
[PlyCount "82"]
[EventDate "1999.??.??"]

1. e4 c5 2. c3 d5 3. Nf3 dxe4 4. Ng5 Qd5 5. d4 exd3 6. Bxd3 Qxg2 7. Be4 Qxh1+
8. Bxh1 Nd7 9. b4 cxb4 10. cxb4 Nh6 11. Qb3 Ne5 12. Bf4 Nd7 13. Na3 e5 14. Bd2
Be7 15. Ne4 Nf5 16. Nb5 O-O 17. Ned6 Nxd6 18. Nxd6 Bxd6 19. O-O-O Nf6 20. Bg5
Ne8 21. Bd5 a5 22. Rg1 axb4 23. Qg3 Ra3 24. f3 e4 25. Bf4 Rxf3 26. Bxd6 Rxg3
27. Bxg3 Nf6 28. Bc4 Be6 29. Bb3 Bxb3 30. axb3 Rd8 31. Bh4 Kf8 32. Re1 Rd3 33.
Kc2 Rc3+ 34. Kb2 e3 35. Bg5 Nd5 36. Rd1 h6 37. Bh4 Rc5 38. Rd4 f5 39. Bg3 Ke7
40. h4 g5 41. hxg5 41... hxg5 {libertad resigns} 0-1

[Event "ICS rated blitz match"]
[Site "204.178.125.65"]
[Date "1999.09.04"]
[Round "?"]
[White "libertad"]
[Black "Hossa"]
[Result "1/2-1/2"]
[WhiteElo "2023"]
[BlackElo "2449"]
[PlyCount "306"]
[EventDate "1999.??.??"]

1. e4 g6 2. d4 Bg7 3. c4 e5 4. d5 Ne7 5. Nc3 O-O 6. Be3 f5 7. f3 d6 8. Bd3 fxe4
9. fxe4 c6 10. Nf3 cxd5 11. cxd5 Bg4 12. O-O Nd7 13. Be2 Nb6 14. h3 Bxf3 15.
Bxf3 Nc4 16. Bc1 Qb6+ 17. Kh2 Ne3 18. Bxe3 Qxe3 19. Qe2 Qg5 20. Bg4 a6 21. Be6+
Kh8 22. Rxf8+ Rxf8 23. Rf1 Rf6 24. Rxf6 Qxf6 25. Qf3 Qxf3 26. gxf3 Bh6 27. Kg2
Bc1 28. b3 Kg7 29. Ne2 Bd2 30. Kf2 Kf6 31. Ng3 Kg5 32. Kg2 Bf4 33. Ne2 b6 34.
Bd7 Ng8 35. Bc8 a5 36. a4 Nf6 37. Nc3 Bd2 38. Nb5 Bb4 39. Nc7 Nh5 40. Ne6+ Kh4
41. Bd7 Bd2 42. Be8 Nf4+ 43. Nxf4 Bxf4 44. Bf7 Kg5 45. Bg8 Kf6 46. Be6 Ke7 47.
Bg8 Ke8 48. Be6 g5 49. Bf5 h6 50. Bg6+ Ke7 51. Bf5 Kf6 52. Bd7 Kg6 53. Bf5+ Kf7
54. Bd7 h5 55. Be6+ Ke7 56. Bf5 Kf6 57. Be6 Bd2 58. Bf5 Be3 59. Be6 Ke7 60. Bf5
Kd8 61. Bg6 h4 62. Bf5 Kc7 63. Be6 Bf4 64. Kf2 Kd8 65. Ke2 Ke7 66. Kd3 Ke8 67.
Kc4 Kd8 68. Kb5 Kc7 69. Bf7 Kb7 70. Be6 Bc1 71. Bf7 Bd2 72. Be8 Be3 73. Bc6+
Kc7 74. Be8 Bc1 75. Bf7 Bd2 76. Be6 Be1 77. Bf7 Bf2 78. Be6 Bd4 79. Bf7 Bc5 80.
Be6 Be3 81. Bf7 Kb7 82. Be6 Bd4 83. Bf7 Bb2 84. Be8 Kc7 85. Bf7 Bc3 86. Be6 Bb2
87. Bg4 Bc3 88. Be6 Bb2 89. Bg4 Bd4 90. Bf5 Kb7 91. Bg4 Bf2 92. Bf5 Bg3 93. b4
axb4 94. Kxb4 Be1+ 95. Kb5 Bd2 96. Be6 Be3 97. Bg4 Kc7 98. Bf5 Bf4 99. a5 bxa5
100. Kxa5 Be3 101. Kb5 Bd2 102. Bg4 Bc1 103. Bf5 Be3 104. Bg4 Bf4 105. Bf5 Kb7
106. Bg4 Bd2 107. Bf5 Be3 108. Bg4 Bf2 109. Bf5 Bg3 110. Bg4 Bf4 111. Bf5 Bc1
112. Bg4 Be3 113. Bf5 Bc5 114. Bg4 Bb6 115. Bf5 Kc7 116. Bg4 Bc5 117. Bf5 Bg1
118. Bg4 Bh2 119. Bf5 Kb7 120. Bg4 Bg3 121. Bf5 Be1 122. Bg4 Bc3 123. Bf5 Bd4
124. Bg4 Ba7 125. Bf5 Kc7 126. Bg4 Bg1 127. Bf5 Bf2 128. Bg4 Bb6 129. Bf5 Kb7
130. Bg4 Bc5 131. Bf5 Ba7 132. Bg4 Bd4 133. Bf5 Kc7 134. Bg4 Bc3 135. Bf5 Kd8
136. Bg4 Ke7 137. Bf5 Be1 138. Bg4 Bg3 139. Bf5 Bf2 140. Bg4 Be3 141. Bf5 Bf4
142. Bg4 Kf6 143. Bf5 Kf7 144. Bg4 Be3 145. Bf5 Bd4 146. Bg4 Ke7 147. Kc6 Be3
148. Bf5 Bd4 149. Bg4 Be3 150. Bf5 Bd4 151. Bg4 Be3 152. Bf5 Bd4 153. Bg4
153... Be3 {Game drawn by repetition} 1/2-1/2

[Event "ICS rated blitz match"]
[Site "204.178.125.65"]
[Date "1999.08.28"]
[Round "?"]
[White "libertad"]
[Black "Hossa"]
[Result "0-1"]
[WhiteElo "2076"]
[BlackElo "2488"]
[PlyCount "88"]
[EventDate "1999.??.??"]

1. e4 c5 2. Nf3 e6 3. c3 d5 4. exd5 exd5 5. d4 Bg4 6. Bb5+ Nc6 7. Qe2+ Be7 8.
dxc5 Bxf3 9. Qxf3 Bxc5 10. O-O Nge7 11. Re1 O-O 12. Be3 Bxe3 13. Qxe3 Re8 14.
Nd2 Ng6 15. Qxe8+ Qxe8 16. Rxe8+ Rxe8 17. Kf1 a6 18. Bxc6 bxc6 19. Re1 Rxe1+
20. Kxe1 Nf4 21. Nf3 Nd3+ 22. Kd2 Nxf2 23. Nd4 c5 24. Nb3 Ne4+ 25. Ke3 g6 26.
Na5 f5 27. Nc6 Kf7 28. Nb8 a5 29. Nc6 a4 30. Na7 a3 31. bxa3 Nxc3 32. Nc8 Ke6
33. Nb6 Nxa2 34. a4 f4+ 35. Kxf4 c4 36. Ke3 c3 37. Kd3 d4 38. a5 Nb4+ 39. Kxd4
c2 40. Kc3 c1=Q+ 41. Kxb4 Qb2+ 42. Kc5 Qxg2 43. a6 Qxh2 44. a7 44... Qc7+ {
libertad resigns} 0-1

[Event "ICS rated blitz match"]
[Site "204.178.125.65"]
[Date "1999.08.28"]
[Round "?"]
[White "libertad"]
[Black "Hossa"]
[Result "0-1"]
[WhiteElo "2088"]
[BlackElo "2476"]
[PlyCount "82"]
[EventDate "1999.??.??"]

1. e4 c5 2. Nc3 e6 3. Nf3 Ne7 4. d4 cxd4 5. Nxd4 d5 6. exd5 exd5 7. Be3 Nec6 8.
Bb5 Bb4 9. O-O Bxc3 10. bxc3 O-O 11. Rb1 Qa5 12. Nxc6 bxc6 13. Bd3 Ba6 14.
Bxh7+ Kxh7 15. Qh5+ Kg8 16. Rb4 Bxf1 17. Rh4 f6 18. Qh7+ Kf7 19. Qh5+ Ke7 20.
Qg6 Ba6 21. Qxg7+ Rf7 22. Qg8 Qxc3 23. h3 Qxc2 24. Kh2 Bb7 25. Bd4 Nd7 26. Qg3
Qxa2 27. Qe3+ Kd6 28. Qf4+ Ke6 29. Qe3+ Ne5 30. f4 Rg7 31. Rg4 Rxg4 32. hxg4 c5
33. Bxe5 fxe5 34. Qxe5+ Kd7 35. Qf5+ Kc6 36. Qe6+ Kb5 37. Qd7+ Bc6 38. Qh7 d4
39. Qd3+ c4 40. Qf5+ Ka4 41. Qc5 41... Qxg2# {libertad checkmated} 0-1

[Event "ICS rated blitz match"]
[Site "204.178.125.65"]
[Date "1999.08.31"]
[Round "?"]
[White "libertad"]
[Black "Hossa"]
[Result "0-1"]
[WhiteElo "2099"]
[BlackElo "2558"]
[PlyCount "148"]
[EventDate "1999.??.??"]

1. e4 c6 2. d4 d5 3. Nc3 Nf6 4. e5 Nfd7 5. f4 e6 6. Nf3 Bb4 7. Bd3 c5 8. a3 Ba5
9. dxc5 Bxc3+ 10. bxc3 Nxc5 11. O-O Ne4 12. Bxe4 dxe4 13. Qxd8+ Kxd8 14. Ng5
Ke7 15. Nxe4 f5 16. Nd6 Nc6 17. Be3 b6 18. Rfd1 g5 19. g3 Rg8 20. Kf2 Bd7 21.
c4 gxf4 22. gxf4 Rg4 23. c5 Rag8 24. Rg1 Kf8 25. cxb6 axb6 26. a4 Nb4 27. Rxg4
Rxg4 28. c4 Nd3+ 29. Ke2 Nxf4+ 30. Bxf4 Rxf4 31. a5 bxa5 32. Rxa5 Rh4 33. Ra8+
Ke7 34. Ke3 Rh3+ 35. Kd4 Rxh2 36. Kc5 Re2 37. Kd4 Rg2 38. Rh8 Rg7 39. Kc5 f4
40. Ne4 f3 41. Kd4 Bc6 42. Nf2 Kd7 43. Ke3 Kc7 44. Rf8 Kb6 45. Rf6 Re7 46. Ne4
Bxe4 47. Kxe4 Kc5 48. Rxf3 Kxc4 49. Rf1 Rg7 50. Rc1+ Kb5 51. Kf4 h5 52. Rh1
Rg4+ 53. Kf3 Rg5 54. Kf4 Rf5+ 55. Ke4 Kc5 56. Rc1+ Kb6 57. Rh1 Kc7 58. Rc1+ Kd8
59. Rd1+ Ke8 60. Rh1 Kf7 61. Kd4 Kg6 62. Kc5 Rxe5+ 63. Kd6 Re4 64. Rg1+ Kf5 65.
Rf1+ Rf4 66. Rh1 h4 67. Rh2 e5 68. Kd5 Rd4+ 69. Kc5 Kg4 70. Re2 Rf4 71. Rxe5
Rf5 72. Rxf5 Kxf5 73. Kd4 h3 74. Ke3 74... h2 {libertad resigns} 0-1

[Event "ICS rated blitz match"]
[Site "204.178.125.65"]
[Date "1999.09.13"]
[Round "?"]
[White "libertad"]
[Black "Hossa"]
[Result "0-1"]
[WhiteElo "2138"]
[BlackElo "2378"]
[PlyCount "48"]
[EventDate "1999.??.??"]

1. e4 c5 2. Nf3 e6 3. Bc4 d5 4. exd5 exd5 5. Bb5+ Bd7 6. Qe2+ Be7 7. O-O Nc6 8.
Nc3 Nf6 9. Re1 d4 10. Ne4 Nxe4 11. Qxe4 a6 12. Bc4 O-O 13. Bd5 Bd6 14. d3 Re8
15. Bxf7+ Kxf7 16. Qd5+ Be6 17. Rxe6 Bxh2+ 18. Kxh2 Qxd5 19. Rxe8 Rxe8 20. Ng5+
Kg8 21. Bf4 Qf5 22. g3 Re2 23. Kg2 Qd5+ 24. Nf3 24... g5 {libertad resigns} 0-1

[Event "ICS rated blitz match"]
[Site "204.178.125.65"]
[Date "1999.10.11"]
[Round "?"]
[White "libertad"]
[Black "Hossa"]
[Result "0-1"]
[WhiteElo "2142"]
[BlackElo "2379"]
[PlyCount "88"]
[EventDate "1999.??.??"]

1. e4 d5 2. exd5 c6 3. Nc3 cxd5 4. d4 Nc6 5. Nf3 Bg4 6. Bb5 e6 7. Bf4 Qf6 8.
Be5 Bxf3 9. Qxf3 Qxf3 10. gxf3 f6 11. Bg3 Bb4 12. O-O O-O-O 13. Bxc6 bxc6 14.
Ne2 Kd7 15. c3 Bd6 16. b4 e5 17. a4 Ne7 18. Rfb1 Nf5 19. b5 Rb8 20. Kg2 c5 21.
dxe5 fxe5 22. a5 d4 23. cxd4 exd4 24. Bxd6 Kxd6 25. b6 axb6 26. axb6 Kc6 27.
Ra7 Rxb6 28. Rc1 Re8 29. Ng3 Re7 30. Ra8 Nxg3 31. hxg3 Rc7 32. Rd8 Rb4 33. f4
h6 34. g4 Kb7 35. f5 Rb5 36. Kg3 Rb3+ 37. Kf4 Rb4 38. Ke5 Rb2 39. f4 Rb6 40.
Re8 Rb3 41. g5 Re3+ 42. Kd6 Rxe8 43. gxh6 Rd8+ 44. Ke5 44... Re7# {
libertad checkmated} 0-1

[Event "ICS rated blitz match"]
[Site "204.178.125.65"]
[Date "1999.09.06"]
[Round "?"]
[White "libertad"]
[Black "Hossa"]
[Result "0-1"]
[WhiteElo "2050"]
[BlackElo "2501"]
[PlyCount "48"]
[EventDate "1999.??.??"]

1. d4 d5 2. Nf3 Bf5 3. c4 dxc4 4. Nc3 Nf6 5. e3 e6 6. Bxc4 Bd6 7. O-O O-O 8.
Re1 Bg4 9. h3 Bh5 10. e4 e5 11. dxe5 Bxf3 12. Qxf3 Bxe5 13. Bg5 Nc6 14. Rad1
Qc8 15. Nd5 Nxd5 16. exd5 Na5 17. Rxe5 Nxc4 18. Re2 f6 19. Bc1 Qd7 20. Rde1
Rae8 21. Re6 c6 22. Qg4 Ne5 23. Qf5 cxd5 24. f4 24... Qxe6 {libertad resigns}
0-1

[Event "ICS rated blitz match"]
[Site "204.178.125.65"]
[Date "1999.09.06"]
[Round "?"]
[White "libertad"]
[Black "Hossa"]
[Result "0-1"]
[WhiteElo "2054"]
[BlackElo "2497"]
[PlyCount "88"]
[EventDate "1999.??.??"]

1. e4 c5 2. Nf3 d6 3. c3 Nf6 4. Bc4 Nxe4 5. Qa4+ Nd7 6. Bxf7+ Kxf7 7. Qxe4 e6
8. d4 h6 9. Nh4 Qf6 10. O-O cxd4 11. cxd4 d5 12. Qg4 e5 13. dxe5 Nxe5 14. Qg3
g5 15. Nf3 Nxf3+ 16. gxf3 Bd6 17. Qg2 Rd8 18. Nc3 Be5 19. Bd2 Be6 20. Rfe1 Rac8
21. Re2 Rc6 22. Rae1 Bb8 23. Nb5 Rd7 24. Bc3 d4 25. Nxd4 Rxd4 26. Rd2 Rxd2 27.
Bxf6 Kxf6 28. h4 gxh4 29. f4 Rxb2 30. Qe4 Rxa2 31. Qh7 Bxf4 32. Qh8+ Kg6 33.
Qe8+ Bf7 34. Qe4+ Kg5 35. Qg2+ Bg3 36. fxg3 Rxg2+ 37. Kxg2 Bd5+ 38. Kh3 Be6+
39. Kh2 Rc2+ 40. Kh1 Bd5+ 41. Kg1 Bf3 42. gxh4+ Kxh4 43. Re6 Kg3 44. Re1 44...
Rh2 {libertad resigns} 0-1

[Event "ICS rated blitz match"]
[Site "204.178.125.65"]
[Date "1999.09.06"]
[Round "?"]
[White "libertad"]
[Black "Hossa"]
[Result "0-1"]
[WhiteElo "2062"]
[BlackElo "2446"]
[PlyCount "43"]
[EventDate "1999.??.??"]

1. d4 Nf6 2. c4 e6 3. Nc3 Bb4 4. Bg5 c5 5. d5 e5 6. e4 Bxc3+ 7. bxc3 Qa5 8. Qc2
Nxe4 9. Qxe4 Qxc3+ 10. Ke2 Qxa1 11. f4 f6 12. Bh4 Qxa2+ 13. Kf3 Qa1 14. Bd3 Qd4
15. fxe5 fxe5 16. Nh3 d6 17. Qxd4 cxd4 18. Ng5 O-O+ 19. Ke2 Bf5 20. Ne4 Bxe4
21. Bxe4 Rf4 22. c5 {libertad resigns} 0-1

[Event "ICS rated blitz match"]
[Site "204.178.125.65"]
[Date "1999.09.13"]
[Round "?"]
[White "libertad"]
[Black "Hossa"]
[Result "0-1"]
[WhiteElo "2144"]
[BlackElo "2393"]
[PlyCount "104"]
[EventDate "1999.??.??"]

1. e4 e6 2. d4 d5 3. exd5 exd5 4. Nf3 Bd6 5. c4 Bg4 6. Nc3 Bxf3 7. Qxf3 c6 8.
cxd5 Ne7 9. dxc6 Nbxc6 10. Bb5 O-O 11. Be3 Bb4 12. Rd1 Qa5 13. Bxc6 Bxc3+ 14.
bxc3 Qxc3+ 15. Bd2 Qxc6 16. O-O Qxf3 17. gxf3 Rfe8 18. Be3 Nf5 19. Rfe1 Nh4 20.
Re2 Nxf3+ 21. Kg2 Nh4+ 22. Kf1 Nf5 23. Rb1 b6 24. Rc1 Rad8 25. Rc4 Re4 26. Rc7
g6 27. Rxa7 Rde8 28. Ra6 b5 29. Rb2 Rh4 30. Rxb5 Nxe3+ 31. fxe3 Rxe3 32. Rb2
Rxd4 33. Rf2 Rd1+ 34. Kg2 Rd7 35. Ra8+ Kg7 36. a4 Rde7 37. a5 f5 38. a6 Ra3 39.
Rb2 Kh6 40. h3 Re6 41. a7 Re7 42. h4 Raxa7 43. Rc8 Ra4 44. h5 Kxh5 45. Rc3 h6
46. Rh3+ Rh4 47. Rc3 g5 48. Rb6 Re2+ 49. Kf3 Rhh2 50. Rcc6 Rhf2+ 51. Kg3 f4+
52. Kh3 52... g4# {libertad checkmated} 0-1

[Event "ICS rated blitz match"]
[Site "204.178.125.65"]
[Date "1999.09.26"]
[Round "?"]
[White "lsokol"]
[Black "Hossa"]
[Result "1/2-1/2"]
[WhiteElo "2367"]
[BlackElo "2401"]
[PlyCount "98"]
[EventDate "1999.??.??"]

1. d4 Nf6 2. Nf3 e6 3. g3 d5 4. Bg2 Bd6 5. O-O O-O 6. c4 c5 7. cxd5 exd5 8. Nc3
Nc6 9. Bg5 Be6 10. Rc1 cxd4 11. Nxd4 Be5 12. Ncb5 Nxd4 13. Nxd4 Qb6 14. Nxe6
fxe6 15. b3 Bd4 16. e3 Bb2 17. Rc2 Be5 18. Bxf6 Bxf6 19. Qg4 Rf7 20. Rfc1 Raf8
21. Bh3 e5 22. Rc8 Be7 23. Qe6 Qa5 24. Rxf8+ Bxf8 25. Qxe5 Qxa2 26. Rf1 Kh8 27.
Qxd5 Re7 28. Be6 Qb2 29. Rd1 Qe2 30. Qd8 Qf3 31. Bg4 Qf7 32. Be2 a6 33. Rd4 Re8
34. Qb6 g6 35. Bc4 Qg7 36. Rf4 Qa1+ 37. Kg2 Bh6 38. Rd4 Qb2 39. Rd3 Rf8 40. e4
Qc2 41. e5 Bg7 42. Qe3 b5 43. Bd5 Rxf2+ 44. Qxf2 Qxd3 45. Qf7 Qe2+ 46. Kh3 Qh5+
47. Kg2 Qe2+ 48. Kg1 Qe1+ 49. Kg2 49... Qe2+ {Game drawn by repetition} 1/2-1/2

[Event "ICS rated blitz match"]
[Site "204.178.125.65"]
[Date "1999.09.22"]
[Round "?"]
[White "machetin"]
[Black "Hossa"]
[Result "0-1"]
[WhiteElo "2018"]
[BlackElo "2272"]
[PlyCount "38"]
[EventDate "1999.??.??"]

1. d4 f5 2. c4 e6 3. Nc3 Bb4 4. Qb3 Nc6 5. g3 Nxd4 6. Qd1 Bxc3+ 7. bxc3 Nc6 8.
Bg2 Nge7 9. Nf3 O-O 10. O-O e5 11. Ba3 d6 12. c5 d5 13. c4 dxc4 14. Qc2 Be6 15.
Ng5 Nd4 16. Qb2 Bd5 17. e3 c3 18. Bxd5+ Qxd5 19. Qb4 19... Ne2# {
machetin checkmated} 0-1

[Event "ICS rated blitz match"]
[Site "204.178.125.65"]
[Date "1999.09.20"]
[Round "?"]
[White "machetin"]
[Black "Hossa"]
[Result "0-1"]
[WhiteElo "2048"]
[BlackElo "2331"]
[PlyCount "37"]
[EventDate "1999.??.??"]

1. d4 Nf6 2. c4 g6 3. Nf3 Bg7 4. Nc3 O-O 5. g3 d5 6. cxd5 Nxd5 7. Bg2 Nxc3 8.
bxc3 c5 9. O-O Nc6 10. Ba3 cxd4 11. cxd4 Nxd4 12. Nxd4 Qxd4 13. Qxd4 Bxd4 14.
Rab1 Bb6 15. Bxe7 Re8 16. Bf6 Rxe2 17. Rbe1 Bxf2+ 18. Rxf2 Rxe1+ 19. Bf1 {
machetin resigns} 0-1

[Event "ICS rated blitz match"]
[Site "204.178.125.65"]
[Date "1999.10.15"]
[Round "?"]
[White "marabu"]
[Black "Hossa"]
[Result "0-1"]
[WhiteElo "2088"]
[BlackElo "2388"]
[PlyCount "56"]
[EventDate "1999.??.??"]

1. d4 d5 2. Nf3 Nf6 3. g3 c5 4. c3 e6 5. Bg2 Nc6 6. O-O Bd6 7. b3 O-O 8. Bb2 b6
9. Nbd2 Ba6 10. Re1 Bb7 11. e3 b5 12. Bf1 b4 13. dxc5 Bxc5 14. c4 Qe7 15. cxd5
exd5 16. Nd4 Ne5 17. N2f3 Ne4 18. Bg2 Qf6 19. Rc1 Rac8 20. Nxe5 Qxf2+ 21. Kh1
Qxb2 22. Bxe4 Bxd4 23. Bxh7+ Kxh7 24. Rxc8 Bxc8 25. Qxd4 Qxa2 26. Rf1 Bf5 27.
Qh4+ Kg8 28. Rf4 28... Qa1+ {marabu resigns} 0-1

[Event "ICS rated blitz match"]
[Site "204.178.125.65"]
[Date "1999.10.15"]
[Round "?"]
[White "marabu"]
[Black "Hossa"]
[Result "0-1"]
[WhiteElo "2093"]
[BlackElo "2398"]
[PlyCount "44"]
[EventDate "1999.??.??"]

1. f4 d5 2. d4 Nd7 3. e3 c5 4. c3 Ngf6 5. Nf3 e6 6. Be2 Bd6 7. O-O O-O 8. Bd2
a5 9. Qc2 b6 10. Na3 cxd4 11. exd4 Bxa3 12. bxa3 Ba6 13. Bxa6 Rxa6 14. Ne5 Ne4
15. Qd3 Ra8 16. f5 Nxe5 17. dxe5 Qc7 18. fxe6 fxe6 19. Be3 Rxf1+ 20. Rxf1 Nxc3
21. Bd4 Rc8 22. Rc1 22... Ne2+ {marabu resigns} 0-1